<?xml version="1.0" encoding="UTF-8"?><?xml-stylesheet type="text/xsl" href="static/style.xsl"?><OAI-PMH xmlns="http://www.openarchives.org/OAI/2.0/" xmlns:xsi="http://www.w3.org/2001/XMLSchema-instance" xsi:schemaLocation="http://www.openarchives.org/OAI/2.0/ http://www.openarchives.org/OAI/2.0/OAI-PMH.xsd"><responseDate>2026-06-01T07:32:48Z</responseDate><request verb="GetRecord" identifier="oai:docta.ucm.es:20.500.14352/61205" metadataPrefix="marc">https://docta.ucm.es/rest/oai/request</request><GetRecord><record><header><identifier>oai:docta.ucm.es:20.500.14352/61205</identifier><datestamp>2023-08-24T09:52:20Z</datestamp><setSpec>com_20.500.14352_14</setSpec><setSpec>col_20.500.14352_18</setSpec></header><metadata><record xmlns="http://www.loc.gov/MARC21/slim" xmlns:dcterms="http://purl.org/dc/terms/" xmlns:xsi="http://www.w3.org/2001/XMLSchema-instance" xmlns:doc="http://www.lyncode.com/xoai" xsi:schemaLocation="http://www.loc.gov/MARC21/slim http://www.loc.gov/standards/marcxml/schema/MARC21slim.xsd">
   <leader>00925njm 22002777a 4500</leader>
   <datafield ind2=" " ind1=" " tag="042">
      <subfield code="a">dc</subfield>
   </datafield>
   <datafield ind2=" " ind1=" " tag="720">
      <subfield code="a">Varela Mosquera, Gregorio</subfield>
      <subfield code="e">author</subfield>
   </datafield>
   <datafield ind2=" " ind1=" " tag="720">
      <subfield code="a">Carbajal Azcona, Ángeles</subfield>
      <subfield code="e">author</subfield>
   </datafield>
   <datafield ind2=" " ind1=" " tag="720">
      <subfield code="a">Monteagudo, Eva</subfield>
      <subfield code="e">author</subfield>
   </datafield>
   <datafield ind2=" " ind1=" " tag="720">
      <subfield code="a">Moreiras Tuny, Olga</subfield>
      <subfield code="e">author</subfield>
   </datafield>
   <datafield ind2=" " ind1=" " tag="260">
      <subfield code="c">1991</subfield>
   </datafield>
   <datafield ind2=" " ind1=" " tag="520">
      <subfield code="a">El pan ha sido y probablemente seguirá siendo la base de nuestra alimentación. Sin embargo, factores como el grado de desarrollo de la sociedad, la estética corporal y la falsa creencia de que su contenido en nutrientes es muy pequeño, han determinado una importante disminución en su consumo. Este cambio, junto con otros que afectan también a otros alimentos de origen vegetal, ha dado lugar a un deterioro de la calidad nutricional de la dieta, concretamente del perfil calórico, con una importante reducción en el aporte de carbohidratos complejos que pueden tener consecuencias negativas para la salud. Después de un breve repaso histórico sobre hábitos de consumo de este alimento, el libro, utilizando datos representativos de la población española, analiza la evolución del consumo en nuestro país desde la década de 1960s, la influencia de numerosas variables socioeconómicas, el aporte nutricional y las repercusiones en la calidad de la dieta. Incluye también un apartado con recetas de la cocina regional española en las que el pan es un ingrediente relevante y la valoración nutricional de las mismas.</subfield>
   </datafield>
   <datafield ind1="8" ind2=" " tag="024">
      <subfield code="a">84-7754-087-X</subfield>
   </datafield>
   <datafield ind1="8" ind2=" " tag="024">
      <subfield code="a">https://hdl.handle.net/20.500.14352/61205</subfield>
   </datafield>
   <datafield ind2="0" ind1="0" tag="245">
      <subfield code="a">El pan en la alimentación de los españoles</subfield>
   </datafield>
</record></metadata></record></GetRecord></OAI-PMH>